British painting : the golden age from Hogarth to Turner

Αποθηκεύτηκε σε:
Λεπτομέρειες βιβλιογραφικής εγγραφής
Κύριος συγγραφέας: Vaughan, William, 1943-
Μορφή: Βιβλίο
Γλώσσα:English
Δημοσίευση: New York : Thames and Hudson, c1999.
Σειρά:World of art
Θέματα:
Ετικέτες: Προσθήκη ετικέτας
Δεν υπάρχουν, Καταχωρήστε ετικέτα πρώτοι!

MARC

LEADER 00000cam a2200000 i 4500
001 1/19491
008 010503s1999 nyu| ||| |||| ||eng||
020 |a 0500203199 
035 |l 10066873 
040 |a GR-MyUa  |b gre  |e AACR2 
041 0 |a eng 
082 7 |a 759.2   |2 (21) 
100 1 |a Vaughan, William,   |d 1943- 
245 1 0 |a British painting :   |b the golden age from Hogarth to Turner /   |c William Vaughan. 
260 |a New York :   |b Thames and Hudson,   |c c1999. 
300 |a 256 σ. :   |b εικ. ;   |c 21 εκ. 
490 1 |a (World of art) 
504 |a Περιλαμβάνει βιβλιογραφίες και ευρετήριο. 
650 0 |a Painting, English  |y 18th century. 
650 0 |a Painting, English  |y 19th century. 
830 0 |a World of art 
852 |a INST  |b SYROS  |e 20010503  |h 759.2 VAU  |p 005500001289  |q 005500001289  |t BK  |y 0 
901 |a BIBL5-2001-2 
922 |a 5ΕΛΗ  |b 200105  |c Γραφικών Τεχνών  |d Leader Books 
970 |a Κρητικού  |b Θωμαΐς  |z 03/05/2001